000 01621nam a2200361 a 4500
003 DO-SdBNP
005 20251127082331.0
007 ta
008 220825e2020 dr ad||fr||||o001 e spa d
020 _a9789945501681
040 _aDO-SdBNP
_bspa
_cBNPHU
082 4 _222
_bS684d
100 1 _aSolano Cabrera, Gilda Massiell
_983068
245 1 0 _aDescentralización local y participación social /
_cGilda Massiel Solano Cabrera
264 1 _aSanto Domingo :
_bINAP,
_c2020.
300 _a200 páginas
_bilustraciones, diagramas
_c21 cm.
336 _2rdacontent
_atexto
_btxt
337 _2rdamedia
_asin mediación
_bn
338 _2rdacarrier
_avolumen
_bnc
500 _aConcurso Nacional de Investigación en Administración Pública (CONIAP). (3era. versión).
500 _aIncluye bibliografía y notas al pié de páginas.
500 _aIncluye índice de tablas, gráficos, esquemas, anexos, siglas y abreviaturas
505 0 _aMetodología.
_tI. Contexto.--
_tII. Marco Teórico.--
_tIII. Análisis Situacional.--
_tIV. Recomendaciones.--
_tV. Referencias Bibliográficas.--
_tVI. Anexos.
586 _aEnsayo ganador del 2do. Lugar
590 _aInventariado 2022 / MF
650 4 _930161
_aPresupuesto participativo municipal
_zRepública Dominicana
650 4 _938095
_aServicios públicos
_xValoración
_zRepública Dominicana
650 0 _aParticipación social
_zRepública Dominicana
_977777
650 4 _911795
_aDescentralización social
_zRepública Dominicana
710 2 _982155
_aInstituto Nacional de Administración Pública (República Dominicana)
910 _aMFeliz
942 _2ddc
_cLBS1
999 _c52320
_d52320